Reflexiones sobre España (Record no. 66529)

MARC details
000 -LEADER
campo de control de longitud fija 00941nam a2200229 i 4500
001 - NÚMERO DE CONTROL
campo de control 66529
003 - IDENTIFICADOR DE NÚMERO DE CONTROL
campo de control ES-MaACL
005 - FECHA Y HORA DE LA ÚLTIMA TRANSACCIÓN
campo de control 20230906165707.0
007 - CAMPO FIJO DE DESCRIPCIÓN FÍSICA--INFORMACIÓN GENERAL
campo de control de longitud fija t|
008 - DATOS DE LONGITUD FIJA--INFORMACIÓN GENERAL
campo de control de longitud fija 040301s2002 sp ||||1| spa d
080 ## - NÚMERO DE LA CLASIFICACIÓN DECIMAL UNIVERSAL
Número de la Clasificación Decimal Universal 32(460)
111 2# - ENTRADA PRINCIPAL--NOMBRE DE CONGRESO/REUNIÓN
Nombre de congreso/reunión o jurisdicción como elemento de entrada Jornadas Reflexiones sobre España (
Número del congreso/reunión o número de parte o sección 1ª.
Fecha del congreso o de la firma del tratado 1998)
9 (RLIN) 850
245 13 - MENCIÓN DEL TÍTULO
Título Reflexiones sobre España
Resto del título : el antiguo régimen y la transición, el estado de las autonomías, el ser de España.
260 ## - PUBLICACIÓN, DISTRIBUCIÓN, ETC.
Lugar de publicación, distribución, etc. Madrid :
Nombre del editor, distribuidor, etc. Fundación Foro Jovellanos para la Innovación Social,
Fecha de publicación, distribución, etc. [ca. 2000]
300 ## - DESCRIPCIÓN FÍSICA
Extensión 144 p. ;
Dimensiones 28 cm.
500 ## - NOTA GENERAL
Nota general Tít. tomado de la cub.
650 14 - PUNTO DE ACCESO ADICIONAL DE MATERIA--TÉRMINO DE MATERIA
Término de materia o nombre geográfico como elemento de entrada Administración autonómica-
Subdivisión geográfica España-
Subdivisión de forma Congresos y asambleas.
9 (RLIN) 9618
650 14 - PUNTO DE ACCESO ADICIONAL DE MATERIA--TÉRMINO DE MATERIA
Término de materia o nombre geográfico como elemento de entrada Nacionalismo-
Subdivisión geográfica España-
Subdivisión de forma Congresos y asambleas.
9 (RLIN) 15448
651 ## - PUNTO DE ACCESO ADICIONAL DE MATERIA--NOMBRE GEOGRÁFICO
Nombre geográfico España-
Subdivisión general Historia-
Subdivisión cronológica S.XX-
Subdivisión de forma Congresos y asambleas.
9 (RLIN) 148345
710 2# - ENTRADA AGREGADA--NOMBRE DE ENTIDAD CORPORATIVA
Nombre de entidad corporativa o nombre de jurisdicción como elemento de entrada Fundación Foro Jovellanos para la Innovación Social.
9 (RLIN) 4307
852 ## - LOCALIZACIÓN
Ubicación ES-MaACL
Número de control de estantería L-26990
Sublocalización o colección R.132608
Holdings
Estatus retirado Estado de pérdida Estado de daño No para préstamo Biblioteca de origen Biblioteca actual Ubicación en estantería Fecha de adquisición Fuente de adquisición Total de préstamos Signatura topográfica completa Código de barras Visto por última vez Precio de reemplazo Tipo de ítem Koha
        Biblioteca del Ateneo de Madrid Biblioteca del Ateneo de Madrid Depósito 2 17/01/2008     L-26990 1069691 23/02/2023 23/02/2023 Libro impreso